Employment law for business (Record no. 86070)

MARC details
000 -LEADER
fixed length control field 01196nam a2200337 a 4500
003 - CONTROL NUMBER IDENTIFIER
control field CBULib
005 - DATE AND TIME OF LATEST TRANSACTION
control field 20250224123628.0
008 - FIXED-LENGTH DATA ELEMENTS--GENERAL INFORMATION
fixed length control field 090709s2007 ||||||||||||||||| || u
020 ## - INTERNATIONAL STANDARD BOOK NUMBER
International Standard Book Number 9780073028958
020 ## - INTERNATIONAL STANDARD BOOK NUMBER
International Standard Book Number 9780073260723
040 ## - CATALOGING SOURCE
Language of cataloging English
Transcribing agency CBULib
Description conventions rda
050 ## - LIBRARY OF CONGRESS CALL NUMBER
Classification number KB 60 Ben
100 ## - MAIN ENTRY--PERSONAL NAME
Personal name Bennett-Alexander, Dawn D
245 10 - TITLE STATEMENT
Title Employment law for business
Statement of responsibility, etc / by Dawn D. Bennett-Alexander and Laura P. Hartman
250 ## - EDITION STATEMENT
Edition statement 5th edition
260 ## - PUBLICATION, DISTRIBUTION, ETC. (IMPRINT)
Place of publication, distribution, etc New York :
Name of publisher, distributor, etc McGraw-Hill,
Date of publication, distribution, etc 2007
300 ## - PHYSICAL DESCRIPTION
Extent xxix, 798 pages : illustrations
336 ## - CONTENT TYPE
Source rdacontent
Content type term Text |
Content type code txt
337 ## - MEDIA TYPE
Source rdamedia
Media type term Unmediated |
Media type code n
338 ## - CARRIER TYPE
Source rdacarrier
Carrier type term Volume
Carrier type code nc
650 #0 - SUBJECT ADDED ENTRY--TOPICAL TERM
Topical term or geographic name as entry element DISCRIMINATION IN EMPLOYMENT
9 (RLIN) 4437
650 #0 - SUBJECT ADDED ENTRY--TOPICAL TERM
Topical term or geographic name as entry element LABOUR LAWS AND LEGISLATION
9 (RLIN) 516
650 #0 - SUBJECT ADDED ENTRY--TOPICAL TERM
Topical term or geographic name as entry element LABOUR LAWS AND LEGISLATION--UNITED STATES
9 (RLIN) 4438
650 #0 - SUBJECT ADDED ENTRY--TOPICAL TERM
9 (RLIN) 4439
Topical term following geographic name as entry element CASEBOOKS (LAW)
700 ## - ADDED ENTRY--PERSONAL NAME
Personal name Hartman, Laura P
942 ## - ADDED ENTRY ELEMENTS (KOHA)
Source of classification or shelving scheme
Koha item type MONOGRAPH
Holdings
Withdrawn status Lost status Source of classification or shelving scheme Damaged status Not for loan Collection code Permanent Location Current Location Shelving location Date acquired Total Checkouts Full call number Barcode Date last seen Price effective from Koha item type
          Main Library Open Access Collection CBU-MAIN LIBRARY, KITWE. CBU-MAIN LIBRARY, KITWE. General Stacks 02/24/2025   KB 60 Ben 740250 02/24/2025 02/24/2025 MONOGRAPH
          Main Library Open Access Collection CBU-MAIN LIBRARY, KITWE. CBU-MAIN LIBRARY, KITWE. General Stacks 02/24/2025   KB 60 Ben 740251 02/24/2025 02/24/2025 MONOGRAPH
          Main Library Open Access Collection CBU-MAIN LIBRARY, KITWE. CBU-MAIN LIBRARY, KITWE. General Stacks 02/24/2025   KB 60 Ben 740249 02/24/2025 02/24/2025 MONOGRAPH